1130 1672 1815 1112 1466 1915 1902 1852 1885 1446 1412 1983 1840 1010 1776 1653 1175 1858 1979 1087 1260 1493 1277 1206 1537 1196 1169 1559 1711 1125 1194 1391 1102 1359 1218 1525 1450 1641 1362 1890 1500 1848 1264 1678 1977 1462 1581 1540 1102 1763 1346 1800 1305 1524 1288 1567 1499 1457 1822 1739 1938 1968 1054 1201 1406 1477 1252 1549 1718 1226 1486 1794 1207 1749 1386 1827 1688 1843 1301 1899 1008 1461 1653 1819 1082 1376 1838 1553 1421 1073 1789 1131 1694 1219 1018 1703 1493 1287 1173 BCNSPRNW ULIB Ver.6.0+V

เปลี่ยนเป็นภาษาไทย

Change to English
 แสดงรายละเอียดบรรณานุกรม
  กลับหน้าหลัก

Brief Record : Get Marc (ISO 2709) : E-mail record : QR code < ปิดหน้าต่าง
LEADER : 00000nam 2200000uu 4500
001    13399127286
003     ULIB
008    200325s2559||||th 000 0 tha d
020    ^a9786161129507
060 04 ^aWW260^bก491^cล.2
100 0  ^aพิพัฒน์ คงทรัพย์
245 00 ^aการผ่าตัดต้อกระจกแผลเล็ก.^n2 =^bManual small incision cataract surgery (MSICS) : technique and tips for challenging cataract /^cบรรณาธิการ, พิพัฒน์ คงทรัพย์
250    ^aพิมพ์ครั้งที่ 1
260    ^aสมุทรสาคร :^bพิมพ์ดี,^c2559
300    ^axi, 268 หน้า :^bภาพประกอบสี ;^c27 ซม.
500    ^aผู้่ใหญ่
505 0  ^aตอนที่ 1. ขั้นตอนและวิธีการผ่าตัด -- การลงแผลผ่าตัด --การฉีกถุงหุ้มเลนส์ด้านหน้า -- การงัดเลนส์ขึ้นมาในช่องด้านหน้าตา --เทคนิคการผ่าตัดต้อกระจกแผลเล็ก -- การฝังเลนส์แก้วตาเทียม -- ตอนที่ 2.การผ่าตัดต้อในรายที่ซับซ้อน -- การผ่าตัดในต้อชนิดขาวขุ่น --การผ่าตัดในต้อชนิดแข็งมาก -- การผ่าตัดในผู้ป่วยรูม่านตาแคบ --การผ่าตัดต้อในเด็ก -- การผ่าตัดในผู้ป่วยต้อหิน --การฝังเลนส์แก้วตาเทียมโดยยึดเลนส์กับสเคลอร่า --การรักษากรณีเลนส์ตกในช่องนํ้าวุ้นตา -- การผ่าตัดในต้อชนิด Posteriorpolar -- เทคนิคการผ่าตัดต้อกระจกโดย : A-Technique --การผสมผสานการผ่าตัดต้อแบบแผลเล็กและการสลายต้อกระจก -- ตอนที่ 3.ส่วนสนับสนุนการผ่าตัด -- การระงับความรู้สึกด้วยการฉีดยาใต้เยื่อบุตาขาว --การตรวจด้วยอัลตราซาวด์ในผู้ป่วยต้อกระจกชนิดขาวขุ่น --เลนส์แก้วตาเทียมหลายโฟกัส --การหาค่าเลนส์แก้วตาเทียมด้วยเครื่องมือไบโอ --การดัดแปลงวัสดุการแพทย์สำหรับการผ่าตัดต้อกระจกแผลเล็ก --ความปลอดภัยของผู้ป่วยทางจักษุวิทยา --การคำนวณค่าเลนส์สำหรับผู้ที่ได้รับการผ่าตัดแก้ไขสายตาผิดปกติ
650  4 ^aต้อกระจก^xการรักษา
650  4 ^aต้อกระจก, ศัลยกรรม
650  4 ^aตา, โรค^xการรักษา
650  4 ^aเลนส์^xการวัด
650  4 ^aเลนส์^xศัลยกรรม
710 2  ^aโรงพยาบาลพระปกเกล้า.^bศูนย์แพทยศาสตร์ศึกษาชั้นคลินิก
945    ^p790^l0^i28047
945    ^p790^l0^i28060
945    ^p790^l0^i28061
945    ^p790^l0^i28062
945    ^p790^l0^i28063
999    ^aกัณชพร จุลอักษร
รายการนี้ยังไม่มีแท็ก
คุณยังไม่ได้ล็อกอิน คุณสามารถมีกิจกรรมร่วมกับเว็บไซต์ได้ แต่ต้องล็อกอินก่อน ::
  ล็อกอิน

รายการสื่อสารสนเทศ

ลำดับที่ ประเภท เลขเรียก/บาร์โค้ด สถานที่ สถานะ
1. หนังสือสำรอง
หนังสือสำรอง
WW260 ก491 ล.2 ฉ.1 
  Barcode: 28047
ห้องสมุดวิทยาเขตนครสวรรค์
►หนังสือทั่วไป:l:General Books
บนชั้น
2. วิทยาศาสตร์การแพทย์ และสุขภาพ
วิทยาศาสตร์การแพทย์ และสุขภาพ
WW260 ก491 ล.2 ฉ.2 
  Barcode: 28060
ห้องสมุดวิทยาเขตนครสวรรค์
►หนังสือทั่วไป:l:General Books
บนชั้น
3. วิทยาศาสตร์การแพทย์ และสุขภาพ
วิทยาศาสตร์การแพทย์ และสุขภาพ
WW260 ก491 ล.2 ฉ.3 
  Barcode: 28061
ห้องสมุดวิทยาเขตนครสวรรค์
►หนังสือทั่วไป:l:General Books
บนชั้น
4. วิทยาศาสตร์การแพทย์ และสุขภาพ
วิทยาศาสตร์การแพทย์ และสุขภาพ
WW260 ก491 ล.2 ฉ.4 
  Barcode: 28062
ห้องสมุดวิทยาเขตนครสวรรค์
►หนังสือทั่วไป:l:General Books
บนชั้น
5. วิทยาศาสตร์การแพทย์ และสุขภาพ
วิทยาศาสตร์การแพทย์ และสุขภาพ
WW260 ก491 ล.2 ฉ.5 
  Barcode: 28063
ห้องสมุดวิทยาเขตนครสวรรค์
►หนังสือทั่วไป:l:General Books
บนชั้น
*เพิ่งรับคืน

รายการใกล้เคียง
    ผู้แต่ง [พิพัฒน์ คงทรัพย์]

    หัวเรื่อง [ต้อกระจก, ศัลยกรรม]

BibComment


ยังไม่เคยถูกคอมเมนท์

คอมเมนท์ทรัพยากรรายการนี้
  คอมเมนท์: การผ่าตัดต้อกระจ..


 Copyright 2026. Bcnsprnw @Library